| 000 | 01144nam a2200277 a 4500 | ||
|---|---|---|---|
| 001 | BRCA_8583 | ||
| 005 | 20190320210334.0 | ||
| 008 | 220816sXVII----mx-b######---#000-0#spa-# | ||
| 041 | _aspa | ||
| 044 | _amx | ||
| 050 | 4 |
_aBX4200 _b.M63 s. XVII |
|
| 245 | 1 | 0 | _aModo de dar profesiones y avitos a las que etran a ser religiosas segun los observa las de la sancta ynes de monte policiano del orden de predicadores de nuestro padre sancto domingo en esta ciudad de los angeles. |
| 260 |
_aMéxico _b[s.i] _cs. XVII? |
||
| 300 |
_a16 cm. _c26 cm. |
||
| 500 | _aFondo antiguo | ||
| 500 | _aSe encuentra en Caja Fuerte | ||
| 500 | _a13-51 | ||
| 500 | _aLibro manuscrito en dos tintas negra y roja, ilustración en contraportada a color desprendida | ||
| 500 | _aIncluye partituras | ||
| 506 | 0 | _aFondo reservado: para su consulta es necesario credencial de usuario y carta de motivos | |
| 546 | _aTexto en : español antiguo y latín | ||
| 650 | 1 | 4 |
_aÓrdenes religiosas _eMujeres _zMéxico _9821 |
| 650 | 1 | 4 |
_aMonaquismo y órdenes religiosas para mujeres _eLiturgía _vTrabajos anteriores a 1800 _921486 |
| 902 | _aLAR | ||
| 942 |
_2lcc _cB |
||
| 999 |
_c8246 _d8246 |
||